000 00648cab a2200229 4500
001 WB3014-58
008 090401t1994 xxu||||| |||| 00| 0 eng d
035 _a(Sirsi) u24273
041 _aeng
245 _aParis area master plan
260 _c1994
350 _a0
490 _aEuroProperty
_vApril 1994, 7(1)
520 _aDraft planning guidelines for the Paris area (Ile de France) aim to curb the region`s rate of growth, which continues to rise.
650 _aFRANCE
650 _aPLANNING GUIDELINES
650 _aSDAU
690 _aOVERSEAS-EUROPE
690 _aPLANNING LAW AND PRACTICE
942 _n0
948 _c04/03/1997
999 _c16267
_d16267